Southville International School and Colleges
Your cart is empty.
  • Cart
  • Lists
    Public lists Eva Luna New books Lux_list list_1
    Your lists Log in to create your own lists
  • Log in to your account
  • Your cookies
  • Search history
Southville International School and Colleges
  • Advanced search
  • Recent comments
  • Most popular
  • Libraries

Log in to your account

Log in with GOOGLE


If you do not have an external account, but do have a local account, you can still log in:

  1. Home
  2. MARC view: 75 cage-rattling questions to change the way you work :
Normal view MARC view ISBD view

75 cage-rattling questions to change the way you work : (Record no. 9630)

[ view plain ]
MARC details
000 -LEADER
fixed length control field 01445cam a2200349 a 4500
001 - CONTROL NUMBER
control field 707872
003 - CONTROL NUMBER IDENTIFIER
control field SISC
005 - DATE AND TIME OF LATEST TRANSACTION
control field 20160406081339.0
008 - FIXED-LENGTH DATA ELEMENTS--GENERAL INFORMATION
fixed length control field 970326s1997 nyu 000 0 eng
010 ## - LIBRARY OF CONGRESS CONTROL NUMBER
LC control number 97012468
020 ## - INTERNATIONAL STANDARD BOOK NUMBER
International Standard Book Number 0070700192 (pbk.)
040 ## - CATALOGING SOURCE
Original cataloging agency DLC
Transcribing agency DLC
Modifying agency DLC
050 00 - LIBRARY OF CONGRESS CALL NUMBER
Classification number HD 2743
Item number .W526 1997
082 00 - DEWEY DECIMAL CLASSIFICATION NUMBER
Classification number HS 658.456
Item number W61 1997
100 1# - MAIN ENTRY--PERSONAL NAME
Personal name Whitney, Dick.
9 (RLIN) 14428
245 10 - TITLE STATEMENT
Title 75 cage-rattling questions to change the way you work :
Remainder of title shake-em-up questions to open meetings, ignite discussion, and spark creativity /
Statement of responsibility, etc Dick Whitney, Melissa Giovagnoli.
246 3# - VARYING FORM OF TITLE
Title proper/short title Seventy-five cage-rattling questions to change the way you work
246 30 - VARYING FORM OF TITLE
Title proper/short title 75 cage-rattling questions
260 ## - PUBLICATION, DISTRIBUTION, ETC. (IMPRINT)
Place of publication, distribution, etc New York :
Name of publisher, distributor, etc McGraw-Hill,
Date of publication, distribution, etc c1997.
300 ## - PHYSICAL DESCRIPTION
Extent 233 p. :
Dimensions 21 cm.
526 ## - STUDY PROGRAM INFORMATION NOTE
Reading level
650 #0 - SUBJECT ADDED ENTRY--TOPICAL TERM
Topical term or geographic name as entry element Corporate meetings
General subdivision Miscellanea.
9 (RLIN) 14429
650 #0 - SUBJECT ADDED ENTRY--TOPICAL TERM
Topical term or geographic name as entry element Public meetings
General subdivision Miscellanea.
9 (RLIN) 14430
700 1# - ADDED ENTRY--PERSONAL NAME
Personal name Giovagnoli, Melissa.
9 (RLIN) 14431
856 42 - ELECTRONIC LOCATION AND ACCESS
Materials specified Contributor biographical information
Uniform Resource Identifier <a href="http://www.loc.gov/catdir/bios/mh041/97012468.html">http://www.loc.gov/catdir/bios/mh041/97012468.html</a>
856 42 - ELECTRONIC LOCATION AND ACCESS
Materials specified Publisher description
Uniform Resource Identifier <a href="http://www.loc.gov/catdir/description/mh022/97012468.html">http://www.loc.gov/catdir/description/mh022/97012468.html</a>
856 41 - ELECTRONIC LOCATION AND ACCESS
Materials specified Table of contents
Uniform Resource Identifier <a href="http://www.loc.gov/catdir/toc/mh022/97012468.html">http://www.loc.gov/catdir/toc/mh022/97012468.html</a>
906 ## - LOCAL DATA ELEMENT F, LDF (RLIN)
a 7
b cbc
c orignew
d 1
e ocip
f 19
g y-gencatlg
942 ## - ADDED ENTRY ELEMENTS (KOHA)
Source of classification or shelving scheme Library of Congress Classification
Koha item type Books
Holdings
Withdrawn status Lost status Source of classification or shelving scheme Damaged status Home library Current library Shelving location Date acquired Total Checkouts Full call number Barcode Date last seen Copy number Price effective from Koha item type
    Library of Congress Classification   Luxembourg Library Luxembourg Library High School Section 08/28/2013   HD 2743 .W526 1997 2235 04/06/2016 1 08/28/2013 Books

75 cage-rattling questions to change the way you work :

APA

Whitney D., Giovagnoli M., . (1997). 75 cage-rattling questions to change the way you work. New York: McGraw-Hill.

Chicago

Whitney Dick, Giovagnoli Melissa, . 1997. 75 cage-rattling questions to change the way you work. New York: McGraw-Hill.

Harvard

Whitney D., Giovagnoli M., . (1997). 75 cage-rattling questions to change the way you work. New York: McGraw-Hill.

MLA

Whitney Dick, Giovagnoli Melissa, . 75 cage-rattling questions to change the way you work. New York: McGraw-Hill. 1997.

  • Place hold
  • Print
  • Cite
  • Add to your cart (remove)
  • Save record
    BIBTEX Dublin Core MARCXML MARC (non-Unicode/MARC-8) MARC (Unicode/UTF-8) MARC (Unicode/UTF-8, Standard) MODS (XML) RIS
  • More searches
    Search for this title in:
    Other Libraries (WorldCat) Other Databases (Google Scholar) Online Stores (Bookfinder.com) Open Library (openlibrary.org)

Exporting to Dublin Core...

SOUTHVILLE LIBRARY

Southville International School and Colleges Library

1281 Tropical Ave. Cor. Luxembourg St., BF Homes International, Las Pinas City

Tel. No. 8256374 / 252358 Loc. 117/146

Powered by Koha